000 07491nam a22006377a 4500
005 20090516120543.0
008 090516t xxu||||| |||| 00| 0 hin d
010 _aHIN-86626-627
020 _a9788190820448 भा-1
_c1295.00 (दो खंड)
020 _a9788190820448 भा-2
_c1295.00 (दो खंड)
035 _aHN-58857
035 _aB-353743-764
037 _bDBAD / PUB
037 _bकिताबघर प्रकाशन
040 _adpl
_bhn
082 _a954.07
100 _aखुशवंत सिंह
245 _aसिखों का इतिहास /
_bखुशवंत सिंह; उषा महाजन द्वारा अनुदित
246 _aSikhon kaa Itihaasa
_bby Khushwant Singh
260 _aनयी दिल्ली
_bकिताबघर प्रकाशन
_c2009
270 _a4855-56य24,अंसारी रोड़, दरियागंज
_bनयी दिल्ली
_e110002
300 _a2भा.(416पृ.; 540पृ.)
_c22सेमी (सजिल्द)
500 _aदो भागों में प्रकाशित (खंड-1: 1469-1839) (खंड-2: 1839-2004)
500 _aदो भागों का मूल्य 1295.00
650 _aSikhs
_xHistory
651 _aसिख
_xइतिहास
651 _aभारत
_xइतिहास
651 _aIndia
_xHistory
700 _aमहाजन, उषा
942 _2ddc
_cHN
_mखुशवं
_h954.07
999 _c26463
_d26463